[Event "4NCL Division 1a"]
[Site "Birmingham ENG"]
[Date "2015.02.15"]
[Round "6.131"]
[White "Richardson, John R"]
[Black "Gormally, Daniel W"]
[Result "1/2-1/2"]
[WhiteElo "2330"]
[BlackElo "2489"]
[PlyCount "102"]
[EventDate "2015.02.15"]
[WhiteTeam "The AD's"]
[BlackTeam "Blackthorne Russia"]

1. d4 Nf6 2. c4 e6 3. Nc3 Bb4 4. e3 O-O 5. Nge2 d5 6. a3 Be7 7. cxd5 Nxd5 8. g3
Nd7 9. Bg2 N5f6 10. O-O c5 11. b3 Rb8 12. e4 cxd4 13. Nxd4 Ne5 14. Bf4 Nfd7 15.
Qc2 g5 16. Be3 Ng4 17. Bd2 Nde5 18. Nce2 Bd7 19. h3 Rc8 20. Qd1 Nh6 21. Be3 Kh8
22. f4 Ng6 23. Qd2 gxf4 24. Nxf4 Ng8 25. Nxg6+ hxg6 26. e5 Rc5 27. Qb2 Qc7 28.
b4 Rc4 29. Rac1 Rxc1 30. Bxc1 Rc8 31. Kh2 Be8 32. Bf4 Qc3 33. Qxc3 Rxc3 34. Rf3
Rc4 35. Rd3 Rc7 36. Be3 Ba4 37. Ne2 a6 38. Rc3 Rd7 39. Rc8 Rd3 40. Bc1 b6 41.
Rc7 Rd1 42. Bf3 a5 43. bxa5 bxa5 44. Kg2 Bb3 45. Kf2 a4 46. h4 Kg7 47. Nf4 Rd4
48. Be2 Bd8 49. Rb7 Be7 50. Rc7 Bd8 51. Rb7 Be7 1/2-1/2

[Event "4NCL Division 1a"]
[Site "Birmingham ENG"]
[Date "2015.02.15"]
[Round "6.132"]
[White "Hunt, Adam C"]
[Black "Merry, Alan"]
[Result "1/2-1/2"]
[WhiteElo "2428"]
[BlackElo "2345"]
[PlyCount "44"]
[EventDate "2015.02.15"]
[WhiteTeam "Blackthorne Russia"]
[BlackTeam "The AD's"]

1. e4 e6 2. d4 d5 3. Nc3 Bb4 4. e5 c5 5. a3 Bxc3+ 6. bxc3 Qa5 7. Bd2 Qa4 8. Qg4
g6 9. Qd1 b6 10. Nf3 Ba6 11. Bxa6 Qxa6 12. a4 Nc6 13. Qb1 cxd4 14. cxd4 Qc4 15.
Qb5 Nge7 16. Ra3 a6 17. Qb2 O-O 18. Rc3 Qxa4 19. Ra3 Qc4 20. Rc3 Qa4 21. Ra3
Qc4 22. Rc3 Qa4 1/2-1/2